Pojďte s námi programovat C++

Priorita a asociativita operátorov. Rozhodovací príkaz if, if-else a if-else-if.

Saved in:
Bibliographic Details
Main Author: Hanák, Ján
Format: Book Chapter
Language:Czech
Subjects:
Tags: Add Tag
No Tags, Be the first to tag this record!

MARC

LEADER 00000naa$a2200000$$$4500
001 0088439
005 20250626123624.3
041 0 |a cze 
044 |a CZ 
245 1 0 |a Pojďte s námi programovat C++  |c Ján Hanák 
520 |a Priorita a asociativita operátorov. Rozhodovací príkaz if, if-else a if-else-if. 
610 2 0 |a jazyky programovacie 
610 2 0 |a kurzy 
610 2 0 |a programovanie 
610 2 0 |a programy počítačové 
100 1 |a Hanák, Ján